[Event "NAYCC U18"]
[Site "Montreal CAN"]
[Date "2010.08.19"]
[Round "7"]
[White "Martchenko, Alexander"]
[Black "Klusa, Mark"]
[Result "1-0"]
[WhiteElo "2384"]
[BlackElo "1478"]
[PlyCount "83"]
[EventDate "2010.08.16"]
[EventType "swiss"]
[EventRounds "7"]
[EventCountry "CAN"]

1. e4 d6 2. d4 g6 3. Nc3 Bg7 4. Be3 Nf6 5. Qd2 Ng4 6. O-O-O Nxe3 7. Qxe3 O-O 8.
f4 c6 9. Nf3 Qc7 10. h3 f5 11. e5 h6 12. Bd3 Kh7 13. Rdg1 Be6 14. g4 fxg4 15.
hxg4 Qd7 16. Ng5+ Kg8 17. Nxe6 Qxe6 18. f5 Qc8 19. Rxh6 Kf7 20. Rxg6 Rg8 21.
exd6 exd6 22. Ne4 Qd7 23. Nxd6+ Kf8 24. Re1 Na6 25. Bc4 Nc7 26. Bxg8 Kxg8 27.
Qe7 Qxe7 28. Rxe7 Ne8 29. Nxe8 Kf8 30. Rexg7 Rxe8 31. Rg8+ Ke7 32. Rxe8+ Kxe8
33. Rg7 Kf8 34. Rxb7 Ke8 35. Rxa7 Kf8 36. Rc7 Ke8 37. Rxc6 Ke7 38. a4 Kf7 39.
a5 Ke7 40. a6 Kd7 41. d5 Ke7 42. a7 1-0

[Event "NAYCC U18"]
[Site "Montreal CAN"]
[Date "2010.08.19"]
[Round "7"]
[White "Shen, Victor"]
[Black "Lee, Brendon"]
[Result "1-0"]
[WhiteElo "2339"]
[BlackElo "1428"]
[PlyCount "85"]
[EventDate "2010.08.16"]
[EventType "swiss"]
[EventRounds "7"]
[EventCountry "CAN"]

1. e4 c5 2. Nf3 d6 3. d4 cxd4 4. Nxd4 Nf6 5. Nc3 g6 6. h3 Bg7 7. g4 Nc6 8. Nde2
O-O 9. Bg2 Bd7 10. O-O h5 11. g5 Nh7 12. f4 Qc8 13. Kh2 f5 14. exf5 Bxf5 15.
Ng3 Nd4 16. Nxf5 Nxf5 17. Qd3 e6 18. Bd2 Rd8 19. Be4 Nf8 20. Bxf5 gxf5 21. Qf3
Qc6 22. Qxh5 e5 23. Qe2 e4 24. Nd1 d5 25. Ne3 Qe6 26. c3 Rac8 27. Rac1 Ng6 28.
Ng2 Rc4 29. h4 e3 30. Qxe3 Re4 31. Qf3 d4 32. Rfe1 dxc3 33. Bxc3 Bxc3 34. Rxe4
fxe4 35. Qxc3 Qg4 36. Qh3 Qxh3+ 37. Kxh3 Rd2 38. Rc8+ Kf7 39. h5 Ne7 40. Rc7
Kf8 41. g6 Nd5 42. Rf7+ Kg8 43. h6 1-0

[Event "NAYCC U18 w"]
[Site "Montreal CAN"]
[Date "2010.08.16"]
[Round "1"]
[White "Hu, Dianna"]
[Black "Dai, Yang"]
[Result "0-1"]
[WhiteElo "1847"]
[BlackElo "2013"]
[PlyCount "42"]
[EventDate "2010.08.16"]
[EventType "tourn"]
[EventRounds "6"]
[EventCountry "CAN"]

1. d4 Nf6 2. Bf4 d5 3. e3 Bf5 4. Bd3 Bg6 5. Nf3 e6 6. Qe2 Bd6 7. Bg3 O-O 8.
Nbd2 Ne4 9. Ne5 Bxe5 10. dxe5 Nxd2 11. Qxd2 c5 12. Bxg6 fxg6 13. h4 Nc6 14.
O-O-O Qe8 15. Qe2 c4 16. f4 c3 17. bxc3 Na5 18. h5 Nc4 19. hxg6 Qb5 20. Qxc4
Qxc4 21. Rxh7 Qe4 0-1

[Event "NAYCC U18 w"]
[Site "Montreal CAN"]
[Date "2010.08.16"]
[Round "1"]
[White "Xiong, Sonja"]
[Black "Yang, Marguerite"]
[Result "1-0"]
[WhiteElo "1625"]
[BlackElo "1316"]
[PlyCount "83"]
[EventDate "2010.08.16"]
[EventType "tourn"]
[EventRounds "6"]
[EventCountry "CAN"]

1. e4 c5 2. Nf3 d6 3. d4 cxd4 4. Nxd4 Nf6 5. Nc3 g6 6. Be3 Bg7 7. f3 Nc6 8. Qd2
O-O 9. O-O-O Nxd4 10. Bxd4 Be6 11. Kb1 a6 12. h4 b5 13. g4 Qd7 14. h5 b4 15.
Nd5 Bxd5 16. exd5 a5 17. hxg6 fxg6 18. Qh2 Rf7 19. Bd3 Qb7 20. f4 a4 21. g5 Nh5
22. Bxg7 Rxg7 23. f5 b3 24. cxb3 axb3 25. a3 Qxd5 26. fxg6 hxg6 27. Bxg6 Qxg5
28. Bxh5 Qf5+ 29. Ka1 Rc8 30. Bf3 Rc2 31. Qh8+ Kf7 32. Bd5+ e6 33. Rhf1 Rf2 34.
Rxf2 Qxf2 35. Bxb3 Rg2 36. Qh7+ Kf6 37. Qh6+ Ke5 38. Qxe6+ Kf4 39. Qxd6+ Kg5
40. Rd5+ Kh4 41. Qh6+ Kg3 42. Rd3+ 1-0

[Event "NAYCC U18 w"]
[Site "Montreal CAN"]
[Date "2010.08.16"]
[Round "2"]
[White "Dai, Yang"]
[Black "Xiong, Sonja"]
[Result "1-0"]
[WhiteElo "2013"]
[BlackElo "1625"]
[PlyCount "117"]
[EventDate "2010.08.16"]
[EventType "tourn"]
[EventRounds "6"]
[EventCountry "CAN"]

1. e4 c5 2. Nf3 Nc6 3. Bb5 d6 4. O-O Nf6 5. Re1 e5 6. c3 Bg4 7. h3 Bxf3 8. Qxf3
Be7 9. d3 O-O 10. Nd2 Qc7 11. Bxc6 bxc6 12. Nc4 Rab8 13. Ne3 Rfd8 14. Nf5 d5
15. Qg3 Bf8 16. Bg5 Nh5 17. Qg4 f6 18. Qxh5 fxg5 19. Qxg5 d4 20. cxd4 cxd4 21.
Re2 Kh8 22. Rc1 Rdc8 23. Qg3 Qa5 24. a3 Rb3 25. Rec2 Qb5 26. Rc4 Rxb2 27. a4
Qb3 28. Qxe5 Qxd3 29. Qxd4 Qxd4 30. Nxd4 c5 31. Ne6 g6 32. Nxc5 Bh6 33. Nd3
Rxc4 34. Rxc4 Rb1+ 35. Kh2 Rd1 36. Nb4 Rd2 37. Kg3 Bf8 38. Nc6 a6 39. e5 Rd3+
40. f3 Re3 41. Kf2 Rb3 42. Nd4 Rb2+ 43. Kg3 g5 44. Ne6 Rb8 45. Nxg5 Be7 46. Ne4
h5 47. f4 Rb3+ 48. Kf2 Bh4+ 49. g3 Rb2+ 50. Kf3 Be7 51. f5 Rb3+ 52. Kf4 Rb1 53.
f6 Rf1+ 54. Kg5 Bf8 55. Rc8 Kg8 56. Kg6 h4 57. f7+ Rxf7 58. Nf6+ Rxf6+ 59. exf6
1-0

[Event "NAYCC U18 w"]
[Site "Montreal CAN"]
[Date "2010.08.16"]
[Round "2"]
[White "Yang, Marguerite"]
[Black "Hu, Dianna"]
[Result "1/2-1/2"]
[WhiteElo "1529"]
[BlackElo "1847"]
[PlyCount "120"]
[EventDate "2010.08.16"]
[EventType "tourn"]
[EventRounds "6"]
[EventCountry "CAN"]

1. d4 Nf6 2. Nf3 d5 3. Bg5 Ne4 4. Bh4 c6 5. Nbd2 Bf5 6. e3 Nd7 7. Bd3 Qc7 8.
Bxe4 dxe4 9. Bg3 Qb6 10. Nh4 e6 11. Rb1 Nf6 12. O-O Qd8 13. f3 exf3 14. Nhxf3
Bd6 15. Ne5 O-O 16. Rc1 Ne4 17. Nxe4 Bxe4 18. c4 f6 19. c5 Bc7 20. Nc4 Bxg3 21.
hxg3 Bd5 22. a3 Bxc4 23. Rxc4 Qc7 24. Qg4 Rae8 25. e4 Qd7 26. Rd1 Rd8 27. Rc3
Qf7 28. Qf3 Rd7 29. Rcd3 Rfd8 30. g4 h6 31. b4 g6 32. a4 f5 33. gxf5 gxf5 34.
b5 fxe4 35. Qxe4 Qf5 36. Rg3+ Kh7 37. Qe3 Qf6 38. bxc6 bxc6 39. Qe4+ Qf5 40.
Qxc6 Qd5 41. Qxd5 Rxd5 42. Rf1 R8d7 43. Rg4 a5 44. Rff4 e5 45. dxe5 Rxe5 46. c6
Rc7 47. Rf6 Rg5 48. Rgf4 Rc5 49. Rf7+ Rxf7 50. Rxf7+ Kg6 51. Ra7 Rxc6 52. Rxa5
Rc3 53. Rb5 Ra3 54. a5 Kf6 55. Kf2 Kg6 56. Ke2 Kf6 57. Rb6+ Kg5 58. a6 h5 59.
Kf2 h4 60. Ke2 Kg4 1/2-1/2

[Event "NAYCC U18 w"]
[Site "Montreal CAN"]
[Date "2010.08.17"]
[Round "3"]
[White "Xiong, Sonja"]
[Black "Hu, Dianna"]
[Result "0-1"]
[WhiteElo "1625"]
[BlackElo "1847"]
[PlyCount "162"]
[EventDate "2010.08.16"]
[EventType "tourn"]
[EventRounds "6"]
[EventCountry "CAN"]

1. e4 Nf6 2. Nc3 d5 3. exd5 Nxd5 4. Bb5+ c6 5. Bc4 Bf5 6. Nf3 e6 7. O-O Bd6 8.
d4 O-O 9. Nxd5 exd5 10. Bd3 Bxd3 11. Qxd3 Nd7 12. Re1 Re8 13. Bd2 Qc7 14. Qf5
Nf6 15. Bh6 Ne4 16. Be3 Qc8 17. Qh5 Nf6 18. Qg5 h6 19. Qh4 Qg4 20. h3 Qxh4 21.
Nxh4 Re4 22. Nf5 Bc7 23. f3 Re6 24. Bd2 Rae8 25. Rxe6 fxe6 26. Nh4 Kf7 27. f4
Ne4 28. Be3 Rf8 29. Nf3 Kg6 30. Ne5+ Bxe5 31. fxe5 Kf7 32. Rf1+ Ke7 33. Rf3 Rc8
34. b3 b5 35. a3 Rb8 36. Bc1 a5 37. h4 b4 38. g4 Rf8 39. Kg2 Rxf3 40. Kxf3 g5
41. h5 Kd7 42. a4 Kc7 43. Ke2 Kb6 44. Be3 Kc7 45. Kd3 Kb6 46. c3 bxc3 47. Bc1
Nf2+ 48. Kxc3 Nxg4 49. Kc2 c5 50. Kc3 cxd4+ 51. Kxd4 Kc6 52. Bd2 Kb6 53. Be1
Nh2 54. Bg3 Nf1 55. Bf2 Kc6 56. Kc3 g4 57. Kd3 g3 58. Bd4 g2 59. Ke2 Ng3+ 60.
Kf3 Nxh5 61. Kxg2 Nf4+ 62. Kf3 Nd3 63. Bc3 Kb6 64. Kg4 Nc5 65. b4 axb4 66. Bxb4
Nxa4 67. Bd2 d4 68. Bxh6 Kc5 69. Kf3 Kd5 70. Bf4 Nc5 71. Ke2 Nd7 72. Bc1 Nxe5
73. Bb2 Nc4 74. Bc1 e5 75. Bg5 e4 76. Bf6 d3+ 77. Kd1 e3 78. Bc3 Ke4 79. Ke1
Kf3 80. Kd1 d2 81. Kc2 Ke2 0-1

[Event "NAYCC U18 w"]
[Site "Montreal CAN"]
[Date "2010.08.17"]
[Round "3"]
[White "Yang, Marguerite"]
[Black "Dai, Yang"]
[Result "0-1"]
[WhiteElo "1529"]
[BlackElo "2013"]
[PlyCount "64"]
[EventDate "2010.08.16"]
[EventType "tourn"]
[EventRounds "6"]
[EventCountry "CAN"]

1. d4 d5 2. Nf3 Nf6 3. Bg5 e6 4. Nbd2 c5 5. e3 Nbd7 6. c3 Be7 7. Bd3 h6 8. Bh4
b6 9. O-O Bb7 10. Ne5 Nxe5 11. dxe5 Nd7 12. Bxe7 Qxe7 13. f4 O-O-O 14. Qe2 f6
15. exf6 gxf6 16. Rab1 Rdg8 17. Ba6 f5 18. Bxb7+ Kxb7 19. c4 Nf6 20. a3 Rg7 21.
b4 Rhg8 22. g3 Ng4 23. Rfc1 e5 24. Qd3 dxc4 25. Nxc4 Rd8 26. Qxf5 exf4 27. exf4
Nxh2 28. Rc3 Qe2 29. bxc5 Nf3+ 30. Rxf3 Qxf3 31. c6+ Ka8 32. Qh3 Rxg3+ 0-1

[Event "NAYCC U18 w"]
[Site "Montreal CAN"]
[Date "2010.08.17"]
[Round "4"]
[White "Dai, Yang"]
[Black "Hu, Dianna"]
[Result "1-0"]
[WhiteElo "2013"]
[BlackElo "1847"]
[PlyCount "105"]
[EventDate "2010.08.16"]
[EventType "tourn"]
[EventRounds "6"]
[EventCountry "CAN"]

1. e4 Nf6 2. e5 Nd5 3. c4 Nb6 4. c5 Nd5 5. Bc4 e6 6. d4 d6 7. cxd6 cxd6 8. Nf3
Nc6 9. O-O Be7 10. exd6 Qxd6 11. Nc3 Nf6 12. Bg5 O-O 13. Qd2 Rd8 14. Rad1 a6
15. Bb3 Nb4 16. Bxf6 Bxf6 17. Ne4 Qe7 18. Nxf6+ gxf6 19. Rfe1 Nd5 20. Re4 f5
21. Rh4 f6 22. Re1 b5 23. Rh3 Kh8 24. Nh4 Qb4 25. Qxb4 Nxb4 26. Ng6+ Kg7 27.
Nf4 Rxd4 28. Nxe6+ Bxe6 29. Rxe6 Rad8 30. Rg3+ Rg4 31. Re7+ Kg6 32. Bf7+ Kg5
33. h4+ Kh6 34. Rxg4 fxg4 35. Be6 Nd5 36. Ra7 Nf4 37. Bxg4 Rd6 38. Bf5 Ng6 39.
g4 Rd1+ 40. Kg2 Rd2 41. Kg3 Rxb2 42. Rxa6 Kg7 43. Ra7+ Kh8 44. h5 Nf8 45. Ra8
Kg7 46. h6+ Kf7 47. Ra7+ Kg8 48. Ra5 b4 49. Be4 Kf7 50. Bd5+ Kg6 51. Ra8 Nd7
52. Rg8+ Kxh6 53. f4 1-0

[Event "NAYCC U18 w"]
[Site "Montreal CAN"]
[Date "2010.08.17"]
[Round "4"]
[White "Yang, Marguerite"]
[Black "Xiong, Sonja"]
[Result "0-1"]
[WhiteElo "1529"]
[BlackElo "1900"]
[PlyCount "72"]
[EventDate "2010.08.16"]
[EventType "tourn"]
[EventRounds "6"]
[EventCountry "CAN"]

1. d4 d5 2. Nf3 e6 3. Bg5 Nf6 4. Nbd2 c5 5. e3 Nbd7 6. c3 Be7 7. Bd3 b6 8. O-O
Bb7 9. Ne5 Nxe5 10. dxe5 Nd7 11. Bxe7 Qxe7 12. f4 Rc8 13. e4 c4 14. Bc2 Nc5 15.
exd5 Bxd5 16. Nf3 b5 17. Nd4 a6 18. a4 O-O 19. axb5 axb5 20. Qe2 Nb3 21. Nxb3
cxb3 22. Be4 Bc4 23. Bd3 Qc5+ 24. Kh1 Rfd8 25. Rfd1 g6 26. Bxc4 bxc4 27. Rxd8+
Rxd8 28. Rd1 Rxd1+ 29. Qxd1 Qd5 30. Qc1 Qe4 31. Kg1 Kg7 32. Qd2 Qc2 33. Qd4
Qxb2 34. g4 Qc1+ 35. Kg2 b2 36. f5 Qc2+ 0-1

[Event "NAYCC U18 w"]
[Site "Montreal CAN"]
[Date "2010.08.18"]
[Round "5"]
[White "Hu, Dianna"]
[Black "Yang, Marguerite"]
[Result "1-0"]
[WhiteElo "1847"]
[BlackElo "1529"]
[PlyCount "85"]
[EventDate "2010.08.16"]
[EventType "tourn"]
[EventRounds "6"]
[EventCountry "CAN"]

1. d4 Nf6 2. Bf4 g6 3. e3 Bg7 4. Nd2 d6 5. Bd3 Nbd7 6. Ngf3 Nh5 7. Bg5 c5 8. c3
Rb8 9. a4 a6 10. a5 O-O 11. h4 h6 12. g4 Nhf6 13. Bxh6 Nxg4 14. Bxg7 Kxg7 15.
Ng5 Ndf6 16. Be2 cxd4 17. cxd4 b5 18. Rg1 Qd7 19. e4 Rh8 20. Qb3 e5 21. Bxg4
Nxg4 22. dxe5 Nxe5 23. f4 Qa7 24. Rf1 Ng4 25. Ndf3 Ne3 26. Rf2 Bg4 27. Nxf7
Qxf7 28. Qxe3 Bxf3 29. Qxf3 Rxh4 30. Kd2 Qf6 31. Qc3 Rf8 32. Qxf6+ Rxf6 33.
Raf1 Re6 34. Kd3 Kf6 35. Kd4 Re7 36. Rc2 g5 37. fxg5+ Kxg5 38. Rg2+ Kh5 39.
Rf5+ Kh6 40. Re2 Re6 41. Kd5 Rg6 42. Ref2 Rhg4 43. Rf6 1-0

[Event "NAYCC U18 w"]
[Site "Montreal CAN"]
[Date "2010.08.18"]
[Round "5"]
[White "Xiong, Sonja"]
[Black "Dai, Yang"]
[Result "0-1"]
[WhiteElo "1625"]
[BlackElo "2013"]
[PlyCount "150"]
[EventDate "2010.08.16"]
[EventType "tourn"]
[EventRounds "6"]
[EventCountry "CAN"]

1. e4 c5 2. Nf3 Nc6 3. d4 cxd4 4. Nxd4 g6 5. Nc3 Bg7 6. Be3 Nf6 7. Bc4 O-O 8.
O-O Nxe4 9. Bxf7+ Rxf7 10. Nxe4 h6 11. c3 d5 12. Nc5 Rf6 13. Qd2 Kh7 14. Nxc6
bxc6 15. Bd4 Rf5 16. Rfe1 e5 17. Be3 Rh5 18. g3 Bg4 19. Nb3 Qd7 20. f4 Rf8 21.
Bc5 Rf7 22. fxe5 Bxe5 23. Re3 Bf3 24. Rf1 Qg4 25. Nd4 Bxg3 26. Rexf3 Bxh2+ 27.
Kf2 Bg3+ 28. Kg1 Rxf3 29. Rxf3 Bd6+ 30. Qg2 Qxg2+ 31. Kxg2 Rg5+ 32. Kf1 Bxc5
33. Ne6 Rg1+ 34. Ke2 Bd6 35. Rf7+ Kg8 36. Rg7+ Kh8 37. Rxa7 Rg2+ 38. Kf3 Rxb2
39. Ra8+ Rb8 40. Rxb8+ Bxb8 41. a4 c5 42. Nxc5 Ba7 43. Ne6 Bb6 44. Nf4 Kg7 45.
Nxd5 Ba5 46. c4 Kf7 47. c5 Ke6 48. Nf4+ Kf5 49. Nd5 Ke5 50. Ne7 Ke6 51. Nc6 Bc7
52. a5 Kd7 53. Nd4 Bxa5 54. Kg4 Bc3 55. Nf3 Bf6 56. Nd2 Kc6 57. Ne4 Bd4 58. Nd6
Kxc5 59. Nf7 Bg7 60. Ng5 Kd5 61. Nf3 Bf6 62. Kf4 Bd8 63. Kg4 Ke4 64. Nd2+ Kd3
65. Nf3 Bf6 66. Kf4 h5 67. Ne1+ Ke2 68. Nf3 Kf2 69. Nd2 Kg2 70. Ne4 Bd8 71. Nc5
h4 72. Nd3 Bc7+ 73. Kg4 Bg3 74. Nc1 h3 75. Ne2 Be5 0-1

[Event "NAYCC U18 w"]
[Site "Montreal CAN"]
[Date "2010.08.19"]
[Round "6"]
[White "Dai, Yang"]
[Black "Yang, Marguerite"]
[Result "1-0"]
[WhiteElo "2013"]
[BlackElo "1529"]
[PlyCount "53"]
[EventDate "2010.08.16"]
[EventType "tourn"]
[EventRounds "6"]
[EventCountry "CAN"]

1. e4 c5 2. Nf3 d6 3. Bb5+ Bd7 4. Bxd7+ Qxd7 5. O-O Nf6 6. e5 dxe5 7. Nxe5 Qc7
8. d4 e6 9. Bf4 Bd6 10. Re1 O-O 11. dxc5 Bxc5 12. Qf3 Qb6 13. Nc4 Qc6 14. Nbd2
Rd8 15. Qh3 Rd5 16. Rad1 Na6 17. Be5 Bd4 18. c3 Bxe5 19. Nxe5 Qb5 20. c4 Qxb2
21. cxd5 Nxd5 22. Qb3 Qd4 23. Ndf3 Qc5 24. Qxb7 Nac7 25. Rc1 Qd6 26. Red1 Qe7
27. Rxd5 1-0

[Event "NAYCC U18 w"]
[Site "Montreal CAN"]
[Date "2010.08.19"]
[Round "7"]
[White "Hu, Dianna"]
[Black "Xiong, Sonja"]
[Result "0-1"]
[WhiteElo "1847"]
[BlackElo "1625"]
[PlyCount "66"]
[EventDate "2010.08.16"]
[EventType "tourn"]
[EventRounds "6"]
[EventCountry "CAN"]

1. d4 d5 2. Bf4 Nf6 3. e3 e6 4. Nf3 Nbd7 5. Bd3 c5 6. c3 b6 7. Nbd2 Bb7 8. Ne5
Be7 9. Qf3 Nxe5 10. dxe5 Nd7 11. Qg3 g5 12. Nf3 gxf4 13. Qg7 Rf8 14. exf4 Qc7
15. Bxh7 O-O-O 16. h4 d4 17. c4 Bxf3 18. gxf3 Qb7 19. Ke2 Qa6 20. Bd3 Rde8 21.
h5 f6 22. Rhg1 fxe5 23. fxe5 Rf5 24. Bxf5 exf5 25. Qf7 Kd8 26. Rg8 Bf8 27. f4
b5 28. Rg6 Qa4 29. Kd3 Rxe5 30. cxb5 Qxb5+ 31. Qc4 Qxb2 32. Qc2 c4+ 33. Kd2
Bb4+ 0-1

[Event "National Capital op"]
[Site "Ottawa CAN"]
[Date "2010.11.12"]
[Round "1"]
[White "Pace, Christopher"]
[Black "Qin, Zi Yi (Joey)"]
[Result "0-1"]
[WhiteElo "2208"]
[BlackElo "2358"]
[PlyCount "62"]
[EventDate "2010.11.12"]
[EventType "swiss"]
[EventRounds "5"]
[EventCountry "CAN"]

1. d4 Nf6 2. c4 g6 3. Nf3 Bg7 4. g3 O-O 5. Bg2 d6 6. O-O c6 7. Nc3 Qa5 8. Nd2
e5 9. Nb3 Qb4 10. Qd3 exd4 11. Nxd4 Nbd7 12. Nc2 Qa5 13. Qxd6 Ne8 14. Qd2 Ne5
15. Qf4 Be6 16. Na3 Nd6 17. c5 Qxc5 18. Na4 Qa5 19. Bd2 Qa6 20. Bc3 g5 21. Qxg5
f6 22. Qf4 Qxe2 23. Rfe1 Qh5 24. Rad1 Ndf7 25. f3 Ng5 26. g4 Nh3+ 27. Bxh3 Qxh3
28. Rf1 Bxa2 29. Nc5 Bh6 30. Qe4 Rae8 31. b3 Nf7 0-1

[Event "National Capital op"]
[Site "Ottawa CAN"]
[Date "2010.11.12"]
[Round "1"]
[White "Pacey, Kevin"]
[Black "Sambuev, Bator"]
[Result "0-1"]
[WhiteElo "2341"]
[BlackElo "2699"]
[PlyCount "52"]
[EventDate "2010.11.12"]
[EventType "swiss"]
[EventRounds "5"]
[EventCountry "CAN"]

1. e4 e6 2. d4 d5 3. Nc3 Nf6 4. Bg5 Be7 5. e5 Nfd7 6. h4 a6 7. Qg4 h5 8. Qg3 g6
9. Nh3 c5 10. dxc5 Nc6 11. f4 Nxc5 12. O-O-O Qa5 13. Bd3 Bd7 14. Bxe7 Nxe7 15.
Kb1 Bb5 16. Ng5 Rc8 17. Nxd5 exd5 18. Nxf7 Kxf7 19. Bxg6+ Kf8 20. e6 Rg8 21. f5
Ne4 22. Qf4 Qc7 23. Qh6+ Rg7 24. f6 Nxf6 25. c4 Neg8 26. e7+ Qxe7 0-1

[Event "National Capital op"]
[Site "Ottawa CAN"]
[Date "2010.11.12"]
[Round "1"]
[White "Upper, John"]
[Black "Hartman, Brian"]
[Result "0-1"]
[WhiteElo "2222"]
[BlackElo "2450"]
[PlyCount "124"]
[EventDate "2010.11.12"]
[EventType "swiss"]
[EventRounds "5"]
[EventCountry "CAN"]

1. Nf3 c5 2. c4 Nc6 3. g3 g6 4. Bg2 Bg7 5. O-O e6 6. e3 Nge7 7. Nc3 O-O 8. d4
cxd4 9. exd4 d5 10. c5 b6 11. cxb6 Qxb6 12. Na4 Qb5 13. b3 Nf5 14. Ba3 Rd8 15.
Bc5 Nd6 16. Re1 Ne4 17. Bf1 Qa5 18. Rc1 Bh6 19. Bb6 axb6 20. Rxc6 Bd7 21. Ne5
Bxc6 22. Nxc6 Qd2 23. Qxd2 Nxd2 24. Rd1 Rd6 25. Bb5 Kf8 26. Ne5 Ra5 27. Nc3 f6
28. Ng4 Ne4 29. Nxe4 dxe4 30. a4 Bg5 31. h4 h5 32. hxg5 hxg4 33. gxf6 Kf7 34.
Kf1 Ra8 35. Ke2 Rc8 36. Bc4 Kxf6 37. Ke3 Kf5 38. Rd2 Rh8 39. Rd1 Rd7 40. Rc1
Rdh7 41. d5 e5 42. Bb5 Rd8 43. Rd1 Rc7 44. Bc4 Rc5 45. Rd2 Rd6 46. Rd1 Rc8 47.
Rh1 Rcd8 48. Rd1 Rh8 49. Rc1 Rh2 50. Rd1 Kf6 51. Bb5 Ke7 52. Bc6 Rf6 53. Rd2
Kd6 54. b4 Rf3+ 55. Kxe4 Rhxf2 56. Rxf2 Rxf2 57. a5 bxa5 58. bxa5 Ra2 59. Be8
Rxa5 60. Bxg6 Ra3 61. Bf7 Rxg3 62. Kf5 Rf3+ 0-1

[Event "National Capital op"]
[Site "Ottawa CAN"]
[Date "2010.11.13"]
[Round "2"]
[White "Hartman, Brian"]
[Black "Qin, Zi Yi (Joey)"]
[Result "1-0"]
[WhiteElo "2450"]
[BlackElo "2358"]
[PlyCount "71"]
[EventDate "2010.11.12"]
[EventType "swiss"]
[EventRounds "5"]
[EventCountry "CAN"]

1. d4 Nf6 2. Nf3 g6 3. Bg5 Bg7 4. e3 d6 5. Be2 O-O 6. O-O Nbd7 7. c4 e5 8. Nc3
Re8 9. Qc2 c6 10. Rad1 Qc7 11. h3 Nf8 12. dxe5 dxe5 13. Nd2 Ne6 14. Bh4 Nc5 15.
b4 Na6 16. a3 Bf5 17. Bd3 Qc8 18. Bxf5 gxf5 19. Ne2 c5 20. b5 Nc7 21. Ng3 e4
22. Nb3 Re5 23. Ne2 Nh5 24. Rd8+ Qxd8 25. Bxd8 Rxd8 26. Rd1 Rde8 27. Na5 Ne6
28. Rd5 Re7 29. Qd1 f4 30. Nc3 fxe3 31. fxe3 Ng3 32. Qg4 f5 33. Qxg3 Rxd5 34.
Nxd5 Rf7 35. Qb8+ Rf8 36. Qd6 1-0

[Event "National Capital op"]
[Site "Ottawa CAN"]
[Date "2010.11.13"]
[Round "2"]
[White "Levkovsky, Alexandre"]
[Black "Pacey, Kevin"]
[Result "1-0"]
[WhiteElo "2267"]
[BlackElo "2341"]
[PlyCount "57"]
[EventDate "2010.11.12"]
[EventType "swiss"]
[EventRounds "5"]
[EventCountry "CAN"]

1. e4 e6 2. d4 d5 3. Nc3 Bb4 4. e5 c5 5. Bd2 Nc6 6. Nb5 Bxd2+ 7. Qxd2 Nxd4 8.
Nd6+ Kf8 9. O-O-O f6 10. f4 Nh6 11. Bd3 Nf7 12. Nxf7 Kxf7 13. c3 Nc6 14. Nf3 c4
15. Bb1 b5 16. Rhf1 Kg8 17. g4 a5 18. exf6 gxf6 19. f5 b4 20. fxe6 Bxe6 21. Nd4
Nxd4 22. Qxd4 bxc3 23. bxc3 Qe7 24. Rxf6 Bf7 25. Rdf1 Qa3+ 26. Kd2 Rf8 27. Qf4
d4 28. Qg5+ Bg6 29. Rxg6+ 1-0

[Event "National Capital op"]
[Site "Ottawa CAN"]
[Date "2010.11.13"]
[Round "2"]
[White "Sambuev, Bator"]
[Black "O'Donnell, Tom"]
[Result "1-0"]
[WhiteElo "2699"]
[BlackElo "2434"]
[PlyCount "123"]
[EventDate "2010.11.12"]
[EventType "swiss"]
[EventRounds "5"]
[EventCountry "CAN"]

1. d4 Nf6 2. c4 e6 3. Nc3 Bb4 4. e3 b6 5. Nge2 c5 6. a3 Ba5 7. Rb1 Na6 8. Ng3
Bb7 9. Bd2 O-O 10. Bd3 d5 11. Qe2 dxc4 12. Bxc4 cxd4 13. exd4 Bxc3 14. bxc3 Nc7
15. O-O Rc8 16. Bd3 Re8 17. Rfd1 Qd6 18. Nh5 Ncd5 19. c4 Nxh5 20. Qxh5 Nf6 21.
Qh4 e5 22. Bg5 h6 23. Bxf6 Qxf6 24. Qxf6 gxf6 25. c5 exd4 26. cxb6 axb6 27.
Rxb6 Rc3 28. f3 Bc6 29. Rxc6 Rxc6 30. Bb5 Rec8 31. Bxc6 Rxc6 32. Rxd4 Rc2 33.
h4 Ra2 34. a4 f5 35. h5 Kg7 36. Kf1 Kf6 37. f4 Kg7 38. g3 Kf6 39. Ke1 Kg7 40.
Kd1 Ra3 41. Kc2 Rxg3 42. Rd3 Rg4 43. Rf3 Kf6 44. a5 Ke6 45. a6 Rg8 46. Re3+ Kd5
47. Kc3 f6 48. Kb4 Rb8+ 49. Ka5 Rb1 50. a7 Ra1+ 51. Kb6 Rb1+ 52. Kc7 Ra1 53.
Kb7 Rb1+ 54. Kc8 Ra1 55. Re7 Kd6 56. Rd7+ Kc6 57. Rf7 Kd5 58. Kb8 Ke4 59. Rxf6
Kxf4 60. Rxh6 Kg5 61. Rh8 f4 62. a8=Q 1-0

[Event "National Capital op"]
[Site "Ottawa CAN"]
[Date "2010.11.13"]
[Round "3"]
[White "Hartman, Brian"]
[Black "Sambuev, Bator"]
[Result "0-1"]
[WhiteElo "2450"]
[BlackElo "2699"]
[PlyCount "58"]
[EventDate "2010.11.12"]
[EventType "swiss"]
[EventRounds "5"]
[EventCountry "CAN"]

1. e4 e6 2. d4 d5 3. Bd3 Nc6 4. c3 e5 5. Qe2 Nf6 6. Bg5 Be7 7. Bxf6 gxf6 8.
exd5 Qxd5 9. Be4 Qa5 10. b4 Nxb4 11. cxb4 Bxb4+ 12. Kf1 Bd7 13. Nf3 O-O-O 14.
Qb2 f5 15. Bxb7+ Kxb7 16. a3 Qb5+ 17. Kg1 Ba5 18. Qc1 exd4 19. Nbd2 Qd5 20. Nc4
Bb6 21. a4 Be6 22. Nxb6 axb6 23. a5 Ra8 24. axb6 Rxa1 25. Qxa1 Ra8 26. Qc1 Qc5
27. Qb1 Qc3 28. bxc7+ Kxc7 29. Nxd4 Qxd4 0-1

[Event "National Capital op"]
[Site "Ottawa CAN"]
[Date "2010.11.13"]
[Round "3"]
[White "Pacey, Kevin"]
[Black "Upper, John"]
[Result "1-0"]
[WhiteElo "2341"]
[BlackElo "2222"]
[PlyCount "102"]
[EventDate "2010.11.12"]
[EventType "swiss"]
[EventRounds "5"]
[EventCountry "CAN"]

1. c4 c5 2. Nf3 Nc6 3. d4 cxd4 4. Nxd4 g6 5. e4 Bg7 6. Be3 d6 7. Nc3 Nf6 8. Be2
Nxd4 9. Bxd4 O-O 10. O-O Bd7 11. Qd2 Qa5 12. Rfd1 Rfc8 13. c5 Bc6 14. cxd6 exd6
15. f3 Re8 16. Bc4 Rac8 17. Bb3 a6 18. Kh1 Qh5 19. Be3 Nd7 20. Rac1 Ne5 21. Qf2
Bf6 22. Bd5 Bh4 23. Qe2 Bg3 24. Bg1 Kg7 25. Bxc6 Rxc6 26. h3 Qh4 27. Bh2 Bxh2
28. Kxh2 Qf4+ 29. Kg1 Rec8 30. Rb1 Qg5 31. Rd5 Qe7 32. Rbd1 Nc4 33. R5d4 Nb6
34. Qf2 Qe6 35. Rb4 Nc4 36. Rxb7 Nxb2 37. Qxb2 Rxc3 38. Rb6 Qe5 39. Rbxd6 Kh6
40. R6d5 Qg3 41. Qf2 Qxf2+ 42. Kxf2 Ra3 43. R1d2 Rc7 44. Ke2 Kg7 45. R5d3 Ra5
46. Ke3 Rc1 47. Rb3 Ra1 48. Rbb2 Kf6 49. Kd4 h5 50. Kc4 Rc1+ 51. Rdc2 Rc5+ 1-0

[Event "National Capital op"]
[Site "Ottawa CAN"]
[Date "2010.11.13"]
[Round "4"]
[White "Marinkovic, Mate"]
[Black "Kirby, Patrick"]
[Result "0-1"]
[WhiteElo "2221"]
[BlackElo "2201"]
[PlyCount "50"]
[EventDate "2010.11.12"]
[EventType "swiss"]
[EventRounds "5"]
[EventCountry "CAN"]

1. c4 e6 2. Nc3 b6 3. d4 Bb7 4. Nf3 f5 5. e3 Nf6 6. Bd3 Bb4 7. Qb3 c5 8. a3 Ba5
9. dxc5 Ne4 10. Bd2 Nxd2 11. Kxd2 Bxf3 12. gxf3 bxc5 13. Kc2 Nc6 14. Qb5 O-O
15. Na4 Qh4 16. Raf1 Rab8 17. Qxc5 Rfc8 18. Qd6 Qf6 19. Rb1 Bc7 20. Qc5 Be5 21.
f4 Bxf4 22. exf4 Nd4+ 23. Kd1 Rxc5 24. Nxc5 Qh4 25. Nxd7 Rd8 0-1

[Event "National Capital op"]
[Site "Ottawa CAN"]
[Date "2010.11.14"]
[Round "4"]
[White "Pace, Christopher"]
[Black "Pacey, Kevin"]
[Result "1-0"]
[WhiteElo "2208"]
[BlackElo "2341"]
[PlyCount "51"]
[EventDate "2010.11.12"]
[EventType "swiss"]
[EventRounds "5"]
[EventCountry "CAN"]

1. d4 d5 2. c4 e6 3. Nc3 Be7 4. Nf3 Nf6 5. Bf4 O-O 6. e3 c5 7. Be2 Nc6 8. O-O
dxc4 9. Bxc4 a6 10. dxc5 Bxc5 11. Qxd8 Rxd8 12. Rad1 Bd7 13. Bb3 Na5 14. Bc7
Nxb3 15. Bxd8 Rxd8 16. axb3 Rc8 17. Ne4 Bb5 18. Nxc5 Rxc5 19. Rd8+ Be8 20. Rb8
Rb5 21. Nd4 Rb6 22. Rc1 e5 23. Nf3 Rxb3 24. Nxe5 Kf8 25. Rc7 b5 26. g4 1-0